कनक छड़ी / (Record no. 72199)
[ view plain ]
| 000 -LEADER | |
|---|---|
| fixed length control field | 01172nam a22003017a 4500 |
| 005 - DATE AND TIME OF LATEST TRANSACTION | |
| control field | 20121217110852.0 |
| 008 - FIXED-LENGTH DATA ELEMENTS--GENERAL INFORMATION | |
| fixed length control field | 121211t xxu||||| |||| 00| 0 hin d |
| 010 ## - LCCN (DPL NO) | |
| LC control number | HIN-97727 |
| 020 ## - INTERNATIONAL STANDARD BOOK NUMBER | |
| Terms of availability | 100.00 |
| International Standard Book Number | 8188122068 |
| 035 ## - SYSTEM CONTROL NUMBER | |
| System control number | HN-70073 |
| 037 ## - SOURCE OF ACQUISITION | |
| Source of stock number/acquisition | DBAD / PUB |
| 040 ## - CATALOGING SOURCE | |
| Original cataloging agency | DPL |
| Language of cataloging | HN |
| 082 ## - DEWEY DECIMAL CLASSIFICATION NUMBER | |
| Classification number | उ |
| 100 ## - MAIN ENTRY--PERSONAL NAME | |
| 9 (RLIN) | 27482 |
| Personal name | शैलजा, संतोष |
| 245 ## - TITLE STATEMENT | |
| Title | कनक छड़ी / |
| Statement of responsibility, etc | संतोष शैलजा |
| 246 ## - VARYING FORM OF TITLE | |
| Title proper/short title | Kanak Chharee |
| Remainder of title | by Santosh Shailja |
| 260 ## - PUBLICATION, DISTRIBUTION, ETC. (IMPRINT) | |
| Name of publisher, distributor, etc | भारतीय प्रकाशन संस्थान |
| Date of publication, distribution, etc | 2010 |
| Place of publication, distribution, etc | नई दिल्ली |
| 270 ## - ADDRESS | |
| Address | 24/4855, अंसारी रोड, दरियागंज |
| City | नई दिल्ली |
| Postal code | 110002 |
| 300 1# - PHYSICAL DESCRIPTION | |
| Extent | 123पृ. |
| Dimensions | 22सेमी (सजिल्द) |
| 650 ## - SUBJECT ADDED ENTRY--TOPICAL TERM | |
| 9 (RLIN) | 1170 |
| Topical term or geographic name as entry element | Hindi Novel |
| 650 ## - SUBJECT ADDED ENTRY--TOPICAL TERM | |
| 9 (RLIN) | 1169 |
| Topical term or geographic name as entry element | हिन्दी कथा साहित्य |
| 700 ## - ADDED ENTRY--PERSONAL NAME | |
| 9 (RLIN) | 27483 |
| 700 ## - ADDED ENTRY--PERSONAL NAME | |
| 9 (RLIN) | 54344 |
| 710 ## - ADDED ENTRY--CORPORATE NAME | |
| 9 (RLIN) | 52094 |
| 711 ## - ADDED ENTRY--MEETING NAME | |
| 9 (RLIN) | 52444 |
| 942 ## - ADDED ENTRY ELEMENTS (KOHA) | |
| Institution code [OBSOLETE] | dpl |
| Item type | Hindi Books |
| Source of classification or shelving scheme | Dewey Decimal Classification |
| Call number suffix | शैलजा |
| Classification part | उ |
| Withdrawn status | Lost status | Source of classification or shelving scheme | Damaged status | Not for loan | Collection code | Home library | Current library | Date acquired | Source of acquisition | Cost, normal purchase price | Total Checkouts | Full call number | Barcode | Date last seen | Copy number | Cost, replacement price | Koha item type |
|---|---|---|---|---|---|---|---|---|---|---|---|---|---|---|---|---|---|
| Dewey Decimal Classification | Not For Loan | Fiction | D.B.Act.Division | D.B.Act.Division | 17/12/2012 | DBAD / PUB | 100.00 | उ शैलजा | HN-70073 | 17/12/2012 | 1 | 100.00 | Hindi Books |
